PERSPECTIVES IN ENVIRONMENTAL STUDIES (Record no. 1206931)

MARC details
000 -LEADER
fixed length control field 00445nam a2200157Ia 4500
008 - FIXED-LENGTH DATA ELEMENTS--GENERAL INFORMATION
fixed length control field 241202s2025 xx 000 0 und d
020 ## - INTERNATIONAL STANDARD BOOK NUMBER
International Standard Book Number 9789360744595
041 ## - LANGUAGE CODE
Language code of text/sound track or separate title eng
082 ## - DEWEY DECIMAL CLASSIFICATION NUMBER
Classification number 557 KAU/KAU
100 ## - MAIN ENTRY--PERSONAL NAME
Personal name KAUSHIK ANUBHAV, KAUSHIK C. P.
245 ## - TITLE STATEMENT
Title PERSPECTIVES IN ENVIRONMENTAL STUDIES
250 ## - EDITION STATEMENT
Edition statement 8TH
260 ## - PUBLICATION, DISTRIBUTION, ETC.
Place of publication, distribution, etc. NEW DELHI
Name of publisher, distributor, etc. NEW AGE INTERNATIONAL PVT LTD PUBLISHERS
Date of publication, distribution, etc. 2025
300 ## - PHYSICAL DESCRIPTION
Extent 334p
650 ## - SUBJECT ADDED ENTRY--TOPICAL TERM
Topical term or geographic name entry element ENVIRONMENTAL SCIENCES
Holdings
Withdrawn status Lost status Damaged status Not for loan Home library Current library Date acquired Cost, normal purchase price Total Checkouts Full call number Barcode Date last seen Price effective from Koha item type
        College of Pharmacy, Navi Mumbai College of Pharmacy, Navi Mumbai 29/11/2024 425.00   557 KAU/KAU PCM-B-16713 02/12/2024 02/12/2024 Book